[Event "7th European Individual Senior Champion."]
[Site "Hockenheim, Germany"]
[Date "2007.06.08"]
[Round "7.28"]
[White "Giacomelli, Bernd"]
[Black "Amrehn, Fred"]
[Result "0-1"]
[WhiteElo "1957"]
[BlackElo "2185"]
[PlyCount "102"]
[EventDate "2007.??.??"]

1. d4 d5 2. c4 e6 3. Nc3 Nf6 4. Bg5 Be7 5. e3 O-O 6. Nf3 Nbd7 7. Rc1 a6 8. cxd5
exd5 9. Bxf6 Nxf6 10. a3 a5 11. Bd3 Bg4 12. h3 Bh5 13. Qb3 Bxf3 14. gxf3 Rb8
15. Ke2 c6 16. Na4 Bd6 17. Qc2 h6 18. Rb1 Qe7 19. Rhc1 Rfe8 20. Nc5 b6 21. Na6
Rbc8 22. b4 axb4 23. axb4 Nd7 24. Bf5 Red8 25. b5 c5 26. dxc5 Bxc5 27. Qd2 d4
28. Rd1 g6 29. Be4 dxe3 30. fxe3 Nf6 31. Qc2 Rxd1 32. Rxd1 Qe5 33. Qd3 Qh2+ 34.
Ke1 Qg1+ 35. Ke2 Qg2+ 36. Ke1 Qxh3 37. Bc6 Be7 38. Qf1 Qe6 39. Rd3 Rxc6 40.
bxc6 Qxc6 41. Kf2 b5 42. Nb8 Qc8 43. Qb1 Qxb8 44. Qb3 h5 45. Rc3 h4 46. Rc6
Qh2+ 47. Ke1 Qe5 48. e4 h3 49. Rc1 h2 50. Kf2 Nxe4+ 51. fxe4 Qf4+ 0-1

[Event "7th European Individual Senior Champion."]
[Site "Hockenheim, Germany"]
[Date "2007.06.08"]
[Round "7.29"]
[White "Siegmund, Rainer"]
[Black "Ziltener Werner"]
[Result "1/2-1/2"]
[WhiteElo "2179"]
[BlackElo "2075"]
[PlyCount "50"]
[EventDate "2007.??.??"]

1. d4 d5 2. c4 c6 3. Nf3 Nf6 4. Nc3 a6 5. b3 b5 6. e3 Bg4 7. Be2 Nbd7 8. O-O e6
9. h3 Bxf3 10. Bxf3 Bd6 11. Qe2 O-O 12. Bb2 Re8 13. Rfd1 Qb8 14. cxd5 cxd5 15.
Rac1 Ra7 16. Rc2 Rc8 17. Rdc1 Rac7 18. Qd1 Qb6 19. Ne2 Rxc2 20. Rxc2 Rxc2 21.
Qxc2 Qc7 22. Qxc7 Bxc7 23. Nc1 Bd6 24. Kf1 Kf8 25. Nd3 Ne4 1/2-1/2

[Event "7th European Individual Senior Champion."]
[Site "Hockenheim, Germany"]
[Date "2007.06.08"]
[Round "7.30"]
[White "Fischer, Gerd"]
[Black "Gousseinov, Aguif"]
[Result "1-0"]
[WhiteElo "2175"]
[BlackElo "2049"]
[PlyCount "120"]
[EventDate "2007.??.??"]

1. e4 e5 2. Nf3 Nf6 3. Nxe5 d6 4. Nf3 Nxe4 5. Nc3 Nxc3 6. bxc3 Be7 7. d4 Bf5 8.
Bd3 Bxd3 9. Qxd3 O-O 10. O-O d5 11. c4 c6 12. Rb1 Qc7 13. cxd5 cxd5 14. Re1 Nc6
15. Qb3 Qd6 16. Rxe7 Nxe7 17. Ba3 Qc7 18. g3 Rfe8 19. Qxb7 Rac8 20. Bxe7 Rxe7
21. Qxd5 Qxc2 22. Rf1 Qe4 23. Qd6 Re6 24. Qa3 Rec6 25. Re1 Qf5 26. Kg2 h6 27.
Qxa7 Rc3 28. Qb7 R8c6 29. Ne5 Rc7 30. Qd5 Rc2 31. Rf1 Kh7 32. Qa8 Rc8 33. Qb7
R2c7 34. Qb3 Qe4+ 35. Nf3 Qb7 36. Qd3+ g6 37. Rb1 Qd5 38. Rb3 Rc2 39. a4 Ra2
40. Rb4 Qa8 41. Qb3 Rcc2 42. Qxf7+ Kh8 43. Rb7 Rxf2+ 44. Kh3 Qc8+ 45. g4 Rxf3+
46. Qxf3 Ra3 47. Qxa3 Qxb7 48. Qd3 Kg7 49. d5 h5 50. Qd4+ Kh7 51. gxh5 gxh5 52.
Qe4+ Kh6 53. Kh4 Qa7 54. Qf4+ Kg6 55. Qg5+ Kh7 56. Qxh5+ Kg7 57. Qf5 Kh6 58.
Qf4+ Kg6 59. d6 Qh7+ 60. Kg3 Qa7 1-0

[Event "7th European Individual Senior Champion."]
[Site "Hockenheim, Germany"]
[Date "2007.06.08"]
[Round "7.31"]
[White "Otto, Klaus"]
[Black "Brondum, Eric"]
[Result "1/2-1/2"]
[WhiteElo "1522"]
[BlackElo "2164"]
[PlyCount "39"]
[EventDate "2007.??.??"]

1. e4 g6 2. d4 Bg7 3. Be3 d6 4. Bc4 c6 5. c3 Nf6 6. f3 O-O 7. Ne2 Nbd7 8. O-O
e5 9. Na3 b5 10. Bd3 a6 11. Rc1 Qe7 12. Qd2 Re8 13. c4 Bb7 14. d5 Nc5 15. dxc6
Bxc6 16. cxb5 axb5 17. Bb1 Bd7 18. Nc2 Be6 19. Nc3 Bc4 20. Rfd1 1/2-1/2

[Event "7th European Individual Senior Champion."]
[Site "Hockenheim, Germany"]
[Date "2007.06.08"]
[Round "7.32"]
[White "Preuss, Flemming"]
[Black "Werner, Clemens"]
[Result "1/2-1/2"]
[WhiteElo "2045"]
[BlackElo "2295"]
[PlyCount "109"]
[EventDate "2007.??.??"]

1. e4 e5 2. Nf3 Nf6 3. Nxe5 d6 4. Nf3 Nxe4 5. Qe2 Qe7 6. Nc3 Nxc3 7. dxc3 Nc6
8. Bg5 f6 9. Qxe7+ Bxe7 10. Be3 Bd7 11. O-O-O Ne5 12. Nxe5 dxe5 13. Bc4 Bc6 14.
Bd5 Bxd5 15. Rxd5 Rd8 16. Rhd1 Rxd5 17. Rxd5 a6 18. f3 h5 19. Kd1 Kf7 20. Rd7
Rd8 21. Rxd8 Bxd8 22. Ke2 f5 23. h3 Ke6 24. Kd3 Bh4 25. c4 g6 26. a4 Be1 27.
Bg5 Bb4 28. Bd8 c6 29. Bb6 Be7 30. Bf2 Bf6 31. b3 Be7 32. Bb6 Ba3 33. Bf2 Kd6
34. Bg3 Bc5 35. c3 Ke6 36. Bh4 Be7 37. Bf2 Bf6 38. Bc5 Bh4 39. Ba7 Be1 40. Bb6
g5 41. Bd8 g4 42. hxg4 fxg4 43. fxg4 hxg4 44. Ke4 Bxc3 45. Bc7 Bd4 46. Bb8 Kf6
47. g3 Bb2 48. Bc7 Ke6 49. Bb8 b6 50. Bc7 Bd4 51. Bb8 b5 52. axb5 cxb5 53. cxb5
axb5 54. Bc7 Kf6 55. Bb8 1/2-1/2

[Event "7th European Individual Senior Champion."]
[Site "Hockenheim, Germany"]
[Date "2007.06.08"]
[Round "7.33"]
[White "Dydy, Kaplan"]
[Black "Niebling, Ferdinand"]
[Result "0-1"]
[WhiteElo "2127"]
[BlackElo "2226"]
[PlyCount "99"]
[EventDate "2007.??.??"]

1. e4 c5 2. Nf3 Nc6 3. c3 d5 4. exd5 Qxd5 5. d4 cxd4 6. cxd4 e6 7. Be2 Nf6 8.
O-O Bb4 9. a3 Ba5 10. b4 Bb6 11. Nc3 Qd6 12. Be3 O-O 13. b5 Ne7 14. Qc2 Bd7 15.
Ne4 Nxe4 16. Qxe4 Nd5 17. Ng5 f5 18. Qh4 h6 19. Nf3 Bd8 20. Qh3 Nc3 21. Bc4 Rc8
22. Ne5 Bxb5 23. Bxb5 Nxb5 24. Bxh6 gxh6 25. Qg3+ Bg5 26. h4 Rc3 27. f3 Qxd4+
28. Kh1 Qxh4+ 29. Qxh4 Bxh4 30. Ng6 Bf6 31. Nxf8 Kxf8 32. a4 Nd4 33. Rab1 b6
34. a5 b5 35. Rfc1 Ne2 36. Re1 Nd4 37. Rec1 b4 38. a6 Nc6 39. Re1 Ke7 40. Re2
Ra3 41. Rbe1 Nd4 42. Rd2 Rxa6 43. Red1 b3 44. Kh2 Ra2 45. Rxd4 Bxd4 46. Rxd4 b2
47. Rb4 a5 48. Rb6 a4 49. Kg3 e5 50. f4 0-1

[Event "7th European Individual Senior Champion."]
[Site "Hockenheim, Germany"]
[Date "2007.06.08"]
[Round "7.34"]
[White "Klein, Klaus"]
[Black "Funk, Paul"]
[Result "0-1"]
[WhiteElo "2120"]
[BlackElo "2197"]
[PlyCount "106"]
[EventDate "2007.??.??"]

1. e4 c5 2. Nf3 d6 3. d4 cxd4 4. Qxd4 Nc6 5. Bb5 Bd7 6. Bxc6 Bxc6 7. Nc3 e5 8.
Qd3 h6 9. Nd5 Nf6 10. Nxf6+ Qxf6 11. O-O Be7 12. Be3 Qg6 13. Nd2 f5 14. f3 f4
15. Bf2 O-O 16. Nb1 d5 17. exd5 Qxd3 18. cxd3 Bxd5 19. Nc3 Rfd8 20. Rfe1 Bf6
21. Rad1 Bf7 22. a3 g5 23. Kf1 b6 24. Ke2 Rd7 25. Rd2 Bb3 26. Ne4 Bg7 27. Rc1
Rad8 28. h4 g4 29. fxg4 Be6 30. g5 Bg4+ 31. Ke1 hxg5 32. Rc3 gxh4 33. Bxh4 Rf8
34. Rc6 Bf5 35. Nf6+ Bxf6 36. Rxf6 Bxd3 37. Rxf8+ Kxf8 38. g3 f3 39. Rd1 e4 40.
Bg5 Rd5 41. Bf4 Rh5 42. Rd2 Rh1+ 43. Kf2 Kf7 44. Ke3 Ke6 45. Kd4 Kf5 46. Be3
Kg4 47. Bf2 Rf1 48. Ke3 b5 49. Kd4 a5 50. Ke3 b4 51. axb4 axb4 52. Kd4 b3 53.
Kc3 Rxf2 0-1

[Event "7th European Individual Senior Champion."]
[Site "Hockenheim, Germany"]
[Date "2007.06.08"]
[Round "7.35"]
[White "Lainburg, Victor"]
[Black "Mueller, Waldemar"]
[Result "0-1"]
[WhiteElo "2188"]
[BlackElo "2115"]
[PlyCount "122"]
[EventDate "2007.??.??"]

1. d4 c5 2. e3 e6 3. Nf3 Nf6 4. b3 Nc6 5. Bb2 cxd4 6. exd4 d5 7. Nbd2 Bd6 8.
Bd3 O-O 9. O-O Nb4 10. Be2 Qc7 11. c4 Ne4 12. g3 f5 13. c5 Be7 14. a3 Nc6 15.
b4 a6 16. Ne5 Bd7 17. Nxd7 Qxd7 18. f3 Ng5 19. h4 Nf7 20. f4 Nh6 21. Nb3 Qd8
22. Qe1 Bf6 23. Bf3 Qd7 24. Qe2 Kh8 25. Rfe1 Rfe8 26. Bc3 g6 27. a4 Ng8 28. b5
Nd8 29. c6 bxc6 30. Nc5 Qg7 31. Qb2 axb5 32. axb5 Rb8 33. b6 Re7 34. Kg2 Qf7
35. Ra3 Nb7 36. Na6 Rc8 37. Bb4 c5 38. Bc3 cxd4 39. Bxd4 Nd6 40. Rb3 Rb7 41.
Qf2 Rc6 42. Be5 Bxe5 43. fxe5 Ne8 44. Reb1 Qe7 45. Nc7 Nh6 46. Qd2 Ng4 47. Qa5
Rc2+ 48. Kg1 Nxe5 49. Qa1 Qf6 50. Bd1 Rc6 51. Qa8 Rbxc7 52. bxc7 Rxc7 53. Rb7
Rc3 54. R7b3 Nf7 55. Bf3 Qd4+ 56. Kh1 Kg7 57. Rxc3 Qxc3 58. Qa1 Qxa1 59. Rxa1
Kf6 60. Kg2 h6 61. Ra6 Ned6 0-1

[Event "7th European Individual Senior Champion."]
[Site "Hockenheim, Germany"]
[Date "2007.06.08"]
[Round "7.39"]
[White "Feller, Joseph"]
[Black "Skara, Milenko"]
[Result "1/2-1/2"]
[WhiteElo "2174"]
[BlackElo "2092"]
[PlyCount "46"]
[EventDate "2007.??.??"]

1. e4 g6 2. d4 c6 3. Nf3 Bg7 4. c3 d5 5. e5 Bg4 6. Nbd2 e6 7. h3 Bxf3 8. Nxf3
Nd7 9. Bg5 Qb6 10. Qd2 h6 11. Be3 Ne7 12. Bd3 Nf5 13. Bf4 Bf8 14. g4 Ne7 15. b4
a5 16. bxa5 Qxa5 17. O-O b5 18. a4 bxa4 19. Rfb1 Nb6 20. Qb2 Nec8 21. Nd2 Be7
22. Nb3 Qa7 23. Nd2 Kf8 1/2-1/2

[Event "7th European Individual Senior Champion."]
[Site "Hockenheim, Germany"]
[Date "2007.06.08"]
[Round "7.40"]
[White "Drozdov, Vladimir E"]
[Black "Ofstad, Per"]
[Result "1-0"]
[WhiteElo "2094"]
[BlackElo "2169"]
[PlyCount "120"]
[EventDate "2007.??.??"]

1. e4 c6 2. d4 d5 3. Nc3 dxe4 4. Nxe4 Bf5 5. Ng3 Bg6 6. h4 h6 7. Nf3 Nd7 8. h5
Bh7 9. Bd3 Bxd3 10. Qxd3 Ngf6 11. Bf4 Qa5+ 12. Bd2 Qc7 13. O-O-O e6 14. Qe2
O-O-O 15. c4 Bd6 16. Ne4 Nxe4 17. Qxe4 Nf6 18. Qe2 c5 19. Bc3 Rhe8 20. Kb1 Re7
21. a3 Qc6 22. dxc5 Qxc5 23. Bd4 Qa5 24. c5 Bc7 25. Ne5 Rd5 26. Nc4 Qa4 27.
Bxf6 Rxd1+ 28. Rxd1 gxf6 29. Nd6+ Kb8 30. Qf3 Qc6 31. Qxf6 Rd7 32. Qd4 Qxg2 33.
Qh8+ Rd8 34. Qxh6 Qf3 35. Rd2 Ba5 36. Rc2 Bc7 37. Qg5 f6 38. Qg6 Bxd6 39. cxd6
Qd1+ 40. Rc1 Qxd6 41. Qxf6 Qd3+ 42. Ka1 Qd2 43. Qe5+ Ka8 44. Qc3 Qxc3 45. Rxc3
Kb8 46. Rh3 Kc7 47. Kb1 Rh8 48. Kc2 Kd6 49. Kd3 Ke5 50. Ke3 Rh6 51. f4+ Kf5 52.
Kf3 Rh7 53. h6 Kg6 54. Ke4 Kf6 55. Rh2 b6 56. a4 a6 57. b4 a5 58. b5 e5 59.
fxe5+ Ke6 60. Rh5 Rc7 1-0

[Event "7th European Individual Senior Champion."]
[Site "Hockenheim, Germany"]
[Date "2007.06.08"]
[Round "7.41"]
[White "Jicman, Ligia-Letitia"]
[Black "Davydov, Mikhail"]
[Result "1/2-1/2"]
[WhiteElo "2167"]
[BlackElo "2082"]
[PlyCount "134"]
[EventDate "2007.??.??"]

1. e4 d5 2. exd5 Qxd5 3. Nc3 Qa5 4. g3 Nf6 5. Bg2 c6 6. Nge2 e5 7. O-O Bd6 8.
Rb1 O-O 9. a3 Be6 10. b4 Qc7 11. b5 Nbd7 12. d3 h6 13. a4 a5 14. d4 Nd5 15. Ne4
Be7 16. c4 Nb4 17. c5 Rad8 18. Bd2 f5 19. Nd6 Bxd6 20. cxd6 Qxd6 21. dxe5 Nxe5
22. Bxb4 axb4 23. Qxd6 Rxd6 24. Nf4 Bc4 25. Rfe1 Nd3 26. Nxd3 Bxd3 27. Rxb4 c5
28. Rb3 b6 29. Rc3 Kf7 30. Bc6 c4 31. f4 Kf6 32. Ra1 Rc8 33. Rd1 Rcd8 34. Kf2
g5 35. Bf3 Rd4 36. fxg5+ hxg5 37. Bg2 g4 38. Ra3 Be4 39. Rxd4 Rxd4 40. Ke3 Ke5
41. Bf1 Bd5 42. a5 Re4+ 43. Kf2 bxa5 44. b6 Kd4 45. Rxa5 c3 46. Ra7 Re6 47.
Ra4+ Kc5 48. b7 Rb6 49. Ke3 Rxb7 50. Ra5+ Kd6 51. Kd4 Be4 52. Ra6+ Ke7 53. Kxc3
Rb1 54. Bc4 Rh1 55. Re6+ Kf8 56. Kd4 Rxh2 57. Ke5 Rh7 58. Kf4 Rc7 59. Be2 Kg7
60. Re5 Bb1 61. Rb5 Bc2 62. Kg5 Rc3 63. Kf4 Rc6 64. Rb4 Kf6 65. Rd4 Rb6 66. Bc4
Bb1 67. Ke3 Rc6 1/2-1/2

[Event "7th European Individual Senior Champion."]
[Site "Hockenheim, Germany"]
[Date "2007.06.08"]
[Round "7.42"]
[White "Masich, Vladimir"]
[Black "Mesiarik, Rudolf"]
[Result "0-1"]
[WhiteElo "2079"]
[BlackElo "2167"]
[PlyCount "108"]
[EventDate "2007.??.??"]

1. Nf3 c5 2. c4 g6 3. g3 Bg7 4. Bg2 Nc6 5. O-O d6 6. Nc3 Nf6 7. Rb1 O-O 8. a3
Be6 9. d3 Rb8 10. Bd2 a6 11. b4 cxb4 12. axb4 b5 13. cxb5 axb5 14. Ng5 Bd7 15.
Nge4 Ne8 16. Qc1 Nd4 17. e3 Nc6 18. Ng5 Ne5 19. Qc2 Rc8 20. f4 Ng4 21. Rb3 h6
22. Nf3 Be6 23. Ra3 Qb6 24. Re1 d5 25. h3 d4 26. hxg4 dxc3 27. Bxc3 Bxg4 28.
Qb2 Bxc3 29. Rxc3 Rxc3 30. Qxc3 Bxf3 31. Bxf3 Nd6 32. Qe5 Rc8 33. g4 Qc7 34.
Be2 Qc3 35. Kf2 Qxb4 36. Qxe7 Qc5 37. Qe5 Qb6 38. Bf3 Re8 39. Qb2 Qc5 40. Qc1
Qb6 41. Rh1 Kg7 42. Rh3 b4 43. Qb2+ f6 44. Bd5 g5 45. fxg5 hxg5 46. Rf3 Nf7 47.
d4 Qd6 48. Qb3 Qh2+ 49. Ke1 Rc8 50. Rf2 Qg1+ 51. Ke2 Nd6 52. Rg2 Qc1 53. Qa4
Rc2+ 54. Kf3 Qd1+ 0-1

[Event "7th European Individual Senior Champion."]
[Site "Hockenheim, Germany"]
[Date "2007.06.08"]
[Round "7.43"]
[White "Pracht, Hans-Dieter"]
[Black "Villing, Dieter"]
[Result "0-1"]
[WhiteElo "2056"]
[BlackElo "2160"]
[PlyCount "86"]
[EventDate "2007.??.??"]

1. d4 d6 2. Nf3 Bg4 3. Bf4 Nf6 4. h3 Bxf3 5. exf3 Nbd7 6. c3 g6 7. Bc4 Bg7 8.
Qd2 O-O 9. Bh6 Bxh6 10. Qxh6 c5 11. dxc5 Nxc5 12. Qd2 Rc8 13. Na3 a6 14. O-O b5
15. Be2 Qb6 16. Rfc1 d5 17. Qd4 Qd6 18. f4 Ne6 19. Qe5 Nxf4 20. Qe3 Nxe2+ 21.
Qxe2 e5 22. Nc2 Rfe8 23. Rd1 Qe6 24. Ne3 Rcd8 25. Nc2 Nh5 26. a4 Nf4 27. Qf1 d4
28. cxd4 exd4 29. axb5 Ne2+ 30. Kh1 axb5 31. Ne1 g5 32. Kh2 Qd6+ 33. g3 h5 34.
Qg2 h4 35. Ra7 hxg3+ 36. fxg3 Re3 37. Nf3 Nxg3 38. Kg1 Re2 39. Rxd4 Rxg2+ 40.
Kxg2 Qb8 41. Rxd8+ Qxd8 42. Rb7 Ne4 43. Rxb5 Qd3 0-1

[Event "7th European Individual Senior Champion."]
[Site "Hockenheim, Germany"]
[Date "2007.06.08"]
[Round "7.44"]
[White "Eidelmann, Vova"]
[Black "Van Oosten, Arend"]
[Result "1/2-1/2"]
[WhiteElo "2047"]
[BlackElo "2155"]
[PlyCount "66"]
[EventDate "2007.??.??"]

1. d4 e6 2. Nf3 f5 3. g3 Nf6 4. Bg2 d5 5. Nbd2 Bd6 6. O-O Nbd7 7. c4 c6 8. b3
Ne4 9. Bb2 O-O 10. Ne1 Nxd2 11. Qxd2 Nf6 12. f3 Qe7 13. Nd3 Bd7 14. Ne5 Be8 15.
Rae1 Rd8 16. c5 Bc7 17. b4 Nd7 18. Nd3 e5 19. dxe5 Nxe5 20. Bd4 Nc4 21. Qc1 Bf7
22. Qc3 Be6 23. e4 fxe4 24. fxe4 Rxf1+ 25. Bxf1 Qf7 26. e5 Rf8 27. Nf4 g5 28.
Nxe6 Qxe6 29. Bxc4 dxc4 30. Rc1 Re8 31. Qxc4 Qxc4 32. Rxc4 Bxe5 33. Bxe5 Rxe5
1/2-1/2

[Event "7th European Individual Senior Champion."]
[Site "Hockenheim, Germany"]
[Date "2007.06.08"]
[Round "7.45"]
[White "Sorokina, Tamara"]
[Black "Delander, Adolf"]
[Result "1/2-1/2"]
[WhiteElo "2145"]
[BlackElo "2075"]
[PlyCount "128"]
[EventDate "2007.??.??"]

1. Nf3 d5 2. b3 Nf6 3. Bb2 Nbd7 4. g3 g6 5. Bg2 Bg7 6. d3 O-O 7. Nbd2 c6 8. c4
Re8 9. O-O e5 10. e3 b6 11. Qc2 Bb7 12. Rad1 Rc8 13. e4 d4 14. b4 c5 15. a3 Qc7
16. Nb3 Ra8 17. Bc1 a5 18. b5 Rf8 19. Bg5 Kh8 20. Qd2 Ng8 21. g4 Rfe8 22. h3
Nf8 23. Bh4 Ne6 24. Bg3 f6 25. Nc1 Bh6 26. Qe1 Bf4 27. Nh4 Bxg3 28. fxg3 Rf8
29. Qd2 Kg7 30. Rf2 Rf7 31. Rdf1 Raf8 32. Ne2 Bc8 33. Kh2 Ng5 34. Ng1 h6 35.
Qe2 Be6 36. Bh1 Ne7 37. Bg2 Nh7 38. Bf3 Qd7 39. Bg2 Ng5 40. Nf5+ gxf5 41. gxf5
Bxc4 42. dxc4 Rh8 43. h4 Nh7 44. Qd3 Kf8 45. Nh3 Ke8 46. Bf3 Kd8 47. Bh5 Rg7
48. Rg2 Nc8 49. Nf2 Nf8 50. Ng4 Qe7 51. Ne3 Qd6 52. Ng4 Qe7 53. Qd2 Nd6 54. Qe2
Kc8 55. Nf2 Kb8 56. g4 Nd7 57. Nh3 Qf8 58. Bg6 Qg8 59. Rc1 Nf8 60. h5 Nh7 61.
Qd3 Ng5 62. Nf2 Kc7 63. Rgg1 Qa8 64. Rge1 Re7 1/2-1/2

[Event "7th European Individual Senior Champion."]
[Site "Hockenheim, Germany"]
[Date "2007.06.08"]
[Round "7.46"]
[White "Abolina, Arija-solveiga"]
[Black "Serra Olives, Tomas"]
[Result "1-0"]
[WhiteElo "1870"]
[BlackElo "2138"]
[PlyCount "122"]
[EventDate "2007.??.??"]

1. c4 Nf6 2. Nc3 e6 3. e4 d5 4. e5 d4 5. exf6 dxc3 6. bxc3 Qxf6 7. d4 c5 8. Nf3
cxd4 9. cxd4 Nc6 10. Rb1 Bb4+ 11. Bd2 Bxd2+ 12. Qxd2 O-O 13. Be2 Rd8 14. Rd1 b6
15. O-O Ba6 16. Rfe1 Rac8 17. c5 Bxe2 18. Qxe2 Nxd4 19. Nxd4 Rxd4 20. cxb6 axb6
21. Qa6 Rcd8 22. Rxd4 Qxd4 23. g3 Qb4 24. Rc1 g6 25. Rc8 Rxc8 26. Qxc8+ Kg7 27.
Qc2 b5 28. Qe2 Qb1+ 29. Kg2 Qf5 30. Qb2+ f6 31. a3 Qd5+ 32. Kg1 e5 33. Qb4 Kf7
34. Qa5 Qd7 35. Qb4 Qc6 36. Qb3+ Qc4 37. Qe3 g5 38. Qa7+ Kg6 39. Qe3 Qd5 40.
Qc1 Qd7 41. Qc2+ f5 42. Qb3 Kg7 43. Qe3 Qd1+ 44. Kg2 Qd5+ 45. Kg1 h6 46. Qa7+
Kg6 47. h3 Qd1+ 48. Kg2 Qd5+ 49. Kg1 Qc4 50. Qe7 e4 51. Qe8+ Kf6 52. Qh8+ Kg6
53. Qe8+ Kg7 54. Qe7+ Qf7 55. Qe5+ Kg6 56. Qxb5 Qc7 57. a4 e3 58. Qe8+ Kf6 59.
Qxe3 Qa5 60. Qd4+ Ke6 61. Qc4+ Kd6 1-0

[Event "7th European Individual Senior Champion."]
[Site "Hockenheim, Germany"]
[Date "2007.06.08"]
[Round "7.47"]
[White "Fahnenschmidt, Gerhard Dr"]
[Black "Born, Bernd-Ludger Dr"]
[Result "0-1"]
[WhiteElo "2134"]
[BlackElo "2060"]
[PlyCount "118"]
[EventDate "2007.??.??"]

1. c4 Nf6 2. Nc3 e5 3. Nf3 d6 4. d4 exd4 5. Nxd4 Nc6 6. e4 Bg4 7. f3 Bd7 8. Bg5
Be7 9. h4 Nh5 10. Nd5 Bxg5 11. hxg5 Ng3 12. Rg1 Ne5 13. f4 Ng6 14. Bd3 c6 15.
Qf3 cxd5 16. Qxg3 Qb6 17. Qe3 dxc4 18. Bc2 Nxf4 19. e5 dxe5 20. Qxe5+ Ne6 21.
O-O-O Qc5 22. Rge1 Qxe5 23. Rxe5 O-O 24. Nf5 Rfd8 25. Nd6 Bc6 26. g6 hxg6 27.
Bxg6 fxg6 28. Rxe6 Rd7 29. Rxg6 Rf8 30. g4 Rf6 31. Rxf6 gxf6 32. Nxc4 Rxd1+ 33.
Kxd1 Bf3+ 34. Ke1 Bxg4 35. Nd6 Bf3 36. Kf2 Bd5 37. a3 Kf8 38. Ke3 Ke7 39. Nc8+
Kd7 40. Nxa7 Bc4 41. Kd4 Be2 42. Kc5 f5 43. Nb5 Bxb5 44. Kxb5 Kd6 45. Kc4 Ke5
46. Kd3 Kf4 47. Ke2 Ke4 48. Kf2 Kd4 49. Kf3 Kc4 50. Kf4 Kb3 51. a4 Kxb2 52.
Kxf5 Kb3 53. a5 Kb4 54. a6 bxa6 55. Ke4 a5 56. Kd3 Kb3 57. Kd2 Kb2 58. Kd3 a4
59. Kd4 a3 0-1

[Event "7th European Individual Senior Champion."]
[Site "Hockenheim, Germany"]
[Date "2007.06.08"]
[Round "7.48"]
[White "Zhelesny, Stanislav"]
[Black "Josting, Friedel"]
[Result "1/2-1/2"]
[WhiteElo "2222"]
[BlackElo "2026"]
[PlyCount "30"]
[EventDate "2007.??.??"]

1. Nf3 Nf6 2. g3 c5 3. Bg2 g6 4. O-O Bg7 5. d4 cxd4 6. Nxd4 O-O 7. c4 a6 8. Nc3
Nc6 9. Nxc6 dxc6 10. Qxd8 Rxd8 11. Na4 e5 12. f4 e4 13. h3 b5 14. Nb6 Rb8 15.
Nxc8 Rbxc8 1/2-1/2

[Event "7th European Individual Senior Champion."]
[Site "Hockenheim, Germany"]
[Date "2007.06.08"]
[Round "7.50"]
[White "Hohler, Peter"]
[Black "Scholz, Herbert Dr"]
[Result "1/2-1/2"]
[WhiteElo "2183"]
[BlackElo "1978"]
[PlyCount "69"]
[EventDate "2007.??.??"]

1. d4 Nf6 2. c4 e6 3. Nc3 Bb4 4. Qc2 O-O 5. a3 Bxc3+ 6. Qxc3 b6 7. Bg5 Bb7 8.
Nf3 d6 9. Nd2 h6 10. Bh4 Nbd7 11. f3 Rc8 12. e4 c5 13. Bd3 cxd4 14. Qxd4 Ne5
15. Be2 Nc6 16. Qf2 e5 17. O-O g5 18. Bg3 Nh5 19. Bd3 Nd4 20. Qe3 Nf4 21. Rfc1
f5 22. exf5 Nxf5 23. Bxf5 Rxf5 24. Ne4 Qe7 25. Rd1 d5 26. cxd5 Nxd5 27. Qb3 Rd8
28. Rd2 Rff8 29. Rad1 Qf7 30. Nc3 Nxc3 31. Qxf7+ Kxf7 32. Rd7+ Kg8 33. Rxd8
Nxd1 34. Rxd1 e4 35. fxe4 1/2-1/2

[Event "7th European Individual Senior Champion."]
[Site "Hockenheim, Germany"]
[Date "2007.06.08"]
[Round "7.51"]
[White "Belokopyt, Boris"]
[Black "Schmoll, Heinz"]
[Result "1/2-1/2"]
[WhiteElo "2037"]
[BlackElo "2133"]
[PlyCount "103"]
[EventDate "2007.??.??"]

1. e4 c5 2. Nf3 d6 3. d4 cxd4 4. Nxd4 Nf6 5. Nc3 a6 6. Bg5 e6 7. f4 Be7 8. Qf3
Qc7 9. O-O-O Nbd7 10. Bd3 h6 11. Bh4 g5 12. fxg5 Ne5 13. Qe2 Nfg4 14. h3 hxg5
15. Bg3 Nxd3+ 16. Rxd3 Ne5 17. Bxe5 dxe5 18. Nf3 Bd7 19. Qf2 O-O-O 20. Qg3 g4
21. Nd2 gxh3 22. gxh3 Rdg8 23. Qf2 Be8 24. h4 Bg5 25. Rdh3 Bf4 26. Ne2 Bc6 27.
Nxf4 exf4 28. h5 e5 29. Qc5 f6 30. Qc4 Kb8 31. h6 Qb6 32. b3 Rg2 33. a4 Bd7 34.
Rh4 Rxd2 35. Kxd2 Qe3+ 36. Kd1 Rd8 37. Qd3 Bg4+ 38. Rxg4 Rxd3+ 39. cxd3 Qxd3+
40. Kc1 Qc3+ 41. Kb1 Qxb3+ 42. Kc1 Qc4+ 43. Kb2 Qe2+ 44. Ka1 Qxe4 45. Rhg1 Qh7
46. Rg6 f5 47. a5 e4 48. Rb6 Qd7 49. Rg8+ Ka7 50. Rg7 Qd1+ 51. Kb2 Qd2+ 52. Kb1
1/2-1/2

[Event "7th European Individual Senior Champion."]
[Site "Hockenheim, Germany"]
[Date "2007.06.08"]
[Round "7.52"]
[White "Ellinger, Hans Dr"]
[Black "Sevenyuk, Alexey"]
[Result "1-0"]
[WhiteElo "2115"]
[BlackElo "1940"]
[PlyCount "102"]
[EventDate "2007.??.??"]

1. d4 f5 2. g3 e6 3. Bg2 Nf6 4. Nh3 d5 5. O-O Be7 6. c4 O-O 7. b3 Qe8 8. Nf4
Qf7 9. Nd2 Nbd7 10. Nf3 Ne4 11. Bb2 g5 12. Nd3 Bf6 13. Nfe5 Nxe5 14. dxe5 Be7
15. cxd5 exd5 16. Rc1 c6 17. f3 Nxg3 18. hxg3 h5 19. e3 Qg6 20. Kf2 h4 21. gxh4
gxh4 22. Rg1 Qg3+ 23. Kf1 Kf7 24. Qe1 Bd7 25. Qxg3 hxg3 26. Rh1 Ke8 27. Ke2 a5
28. Bd4 a4 29. b4 a3 30. f4 Rg8 31. Rh3 Ra4 32. Rb1 b5 33. Nc5 Bxc5 34. Bxc5
Be6 35. Rbh1 Kf7 36. Rh7+ Rg7 37. Rxg7+ Kxg7 38. Ra1 Kg6 39. Kf3 Ra8 40. Kxg3
Ra6 41. Bf3 Ra8 42. Kf2 Rh8 43. Rh1 Rxh1 44. Bxh1 Kh5 45. Kg3 Kg6 46. Bf3 d4
47. exd4 Bxa2 48. Bxc6 Bb1 49. d5 a2 50. Bd4 Be4 51. e6 Bh1 1-0

[Event "7th European Individual Senior Champion."]
[Site "Hockenheim, Germany"]
[Date "2007.06.08"]
[Round "7.53"]
[White "Fedotov, Oleksandr"]
[Black "Ortega Morales, Pedro"]
[Result "1-0"]
[WhiteElo "2100"]
[BlackElo "1959"]
[PlyCount "129"]
[EventDate "2007.??.??"]

1. f4 d5 2. e3 Nf6 3. d3 c5 4. Nf3 Nc6 5. c3 b6 6. Be2 Bb7 7. O-O e6 8. Ne5 Bd6
9. d4 Qc7 10. Nd2 a6 11. a3 b5 12. Bf3 Na5 13. b4 cxb4 14. cxb4 Qc3 15. Ra2 Nc4
16. Ndxc4 bxc4 17. Rc2 Qb3 18. Nxc4 dxc4 19. Bxb7 Ra7 20. Bc6+ Ke7 21. Re2 Rc8
22. Bf3 Nd5 23. Qxb3 cxb3 24. Bxd5 exd5 25. Rb2 Rac7 26. Bd2 Rc2 27. Rfb1 Kd7
28. Be1 Rxb2 29. Rxb2 Rc1 30. Kf1 Kc6 31. Rxb3 Kb5 32. Ke2 Ka4 33. Rd3 Rc2+ 34.
Kf3 f5 35. h3 Kb5 36. Rd1 Ka4 37. g4 g6 38. Rd3 Kb5 39. Kg3 h6 40. Kf3 Kc4 41.
Rd1 Be7 42. Rb1 Kb5 43. Ra1 Ka4 44. Rb1 Ra2 45. Rc1 Rxa3 46. Rc6 Kb3 47. Rxg6
fxg4+ 48. hxg4 Ra1 49. Re6 Bf8 50. Re8 Rxe1 51. Rxf8 Kxb4 52. Rf6 a5 53. Rxh6
a4 54. Ra6 a3 55. Kf2 Rb1 56. f5 Kb3 57. Kg2 Re1 58. f6 Re2+ 59. Kf3 Re1 60.
Kf2 Rh1 61. f7 Rh8 62. g5 a2 63. g6 Rf8 64. Ke2 Kb2 65. g7 1-0

[Event "7th European Individual Senior Champion."]
[Site "Hockenheim, Germany"]
[Date "2007.06.08"]
[Round "7.54"]
[White "Ladstetter, Josef"]
[Black "Kornath, Heinrich"]
[Result "1-0"]
[WhiteElo "2066"]
[BlackElo "1838"]
[PlyCount "96"]
[EventDate "2007.??.??"]

1. Nf3 Nf6 2. c4 g6 3. d4 Bg7 4. Nc3 O-O 5. e4 e6 6. Bd3 d6 7. O-O h6 8. h3 Na6
9. a3 c5 10. Be3 b6 11. d5 exd5 12. exd5 Re8 13. Qd2 Kh7 14. Bf4 Nc7 15. a4 a6
16. Bh2 Bf8 17. Qf4 Kg7 18. g4 Nh7 19. Ne4 Rxe4 20. Bxe4 Bd7 21. Bd3 Rb8 22.
Rfe1 Ne8 23. Bg3 Qf6 24. Qxf6+ Nexf6 25. b3 g5 26. Kg2 Rd8 27. Nd2 h5 28. f3
Bc8 29. Nf1 Kg8 30. Ne3 h4 31. Bh2 Ne8 32. Bf5 Nhf6 33. Bxc8 Rxc8 34. Nf5 Rc7
35. Re2 Rb7 36. Rae1 Rb8 37. f4 gxf4 38. Bxf4 b5 39. axb5 axb5 40. Nxh4 bxc4
41. bxc4 Ng7 42. Bg5 Nd7 43. Nf3 Rb4 44. Rc2 Nb6 45. Nd2 Ra4 46. Rb1 Ra7 47.
Ne4 Nd7 48. Rd1 f5 1-0

[Event "7th European Individual Senior Champion."]
[Site "Hockenheim, Germany"]
[Date "2007.06.08"]
[Round "7.55"]
[White "Ophoff, Rigobert"]
[Black "Mann, Guenter"]
[Result "1/2-1/2"]
[WhiteElo "2062"]
[BlackElo "1823"]
[PlyCount "35"]
[EventDate "2007.??.??"]

1. Nf3 c5 2. b3 Nc6 3. Bb2 d6 4. e3 Nf6 5. Bb5 Bd7 6. O-O a6 7. Bxc6 Bxc6 8. d3
Qd7 9. e4 e5 10. d4 b6 11. Nbd2 Be7 12. Nc4 Bd8 13. Nfd2 g5 14. Ne3 h5 15. Nf5
Rg8 16. Nc4 Bc7 17. Nce3 O-O-O 18. c4 1/2-1/2